000 00427nam a2200181Ia 4500
001 16370
005 20260306170304.0
008 260306t2015||||xx |||||||||||||| ||und||
041 _aESP
082 _a348.54
_bZ17
100 _aZaffaroni, Eugenio Raúl
_eAUT
245 0 _aLa pachamama y el humano
260 _c2015
300 _a158 páginas :
_c20 cm.
650 _aGEN
654 _aCDE
942 _cLIB
_dJUS
_fJUS
_2ddc
_n
999 _c16370
_d16370